Statistics for NFL Passing Leaders Each Year Since 2000

Click here to take the quiz!

General Stats

  • This quiz has been taken 113 times
  • The average score is 16 of 20

Answer Stats

YearYardsAnswer% Correct
20174,577Tom Brady
100%
20054,110Tom Brady
100%
20074,806Tom Brady
100%
20004,413Peyton Manning
94%
20034,267Peyton Manning
94%
20135,477Peyton Manning
94%
20064,418Drew Brees
93%
20085,069Drew Brees
93%
20165,208Drew Brees
93%
20154,870Drew Brees
93%
20115,476Drew Brees
93%
20125,177Drew Brees
93%
20144,952Ben Roethlisberger
71%
20185,129Ben Roethlisberger
71%
20104,710Philip Rivers
64%
20195,109Jameis Winston
60%
20014,830Kurt Warner
53%
20024,689Rich Gannon
38%
20094,770Matt Schaub
33%
20044,717Daunte Culpepper
31%

Score Distribution

Percentile by Number Answered

Percent of People with Each Score

Your Score History

You have not taken this quiz